BUDÚCNOSŤ PREJUDICIÁLNEHO KONANIA PRED SÚDNYM DVOROM EURÓPSKEJ ÚNIE

Bibliographic Details
Main Author: Ježová, Daniela, 1981- (Author)
Format: Article
Language:Slovak
Subjects:

MARC

LEADER 00000naa a2200000 a 4500
001 vtls011848728
003 SK-MaSNL
005 20260302133844.0
008 210910|2013 xo |||||||||||||||||slo|
015 |a SNBCL 
035 |a (urnnbn)urn:nbn:sk:snk:ar-a0aq7a 
035 |a urn:nbn:sk:snk-aaw49w 
035 |a (uuid)e65b80ca-c4a8-4cf5-b63e-2a62119cee8b 
040 |a SNKBUCL  |b slo  |c SNKBUCL  |e AACR2 
041 |a slo 
044 |a xo  |c SK 
100 1 |a Ježová, Daniela,  |d 1981-  |4 aut  |9 197865 
245 1 0 |a BUDÚCNOSŤ PREJUDICIÁLNEHO KONANIA PRED SÚDNYM DVOROM EURÓPSKEJ ÚNIE  |c Daniela Ježová 
336 |a text  |b txt  |c rdacontent 
337 |a bez média  |b n  |c rdamedia 
338 |a zväzok  |b nc  |c rdacarrier 
655 7 |a články zo zborníkov  |2 snkbucl  |9 166140 
773 0 |t Míľniky práva v stredoeurópskom priestore 2013  |d Bratislava : Univerzita Komenského, Právnická fakulta, 2013  |g S. 934-938  |z 9788071603689 
958 |a OND 
958 |a article26 
958 |a chapter 
999 |c 1318921  |d 1320851